The persecuted prophet and judgment on Jerusalem : (Registro nro. 68277)
[ vista simple ]
| 000 -LÍDER | |
|---|---|
| Campo fijo de descripción fija | 01434nab a2200205 i 4500 |
| 001 - NÚMERO DE CONTROL | |
| Campo de control | 768714001 |
| 003 - IDENTIFICADOR DEL NÚMERO DE CONTROL | |
| Campo de control | CO-MdFUSB |
| 005 - FECHA Y HORA DE LA ULTIMA TRANSACCIÓN | |
| control field | 20230421092613.0 |
| 008 - ELEMENTOS DE LONGITUD FIJA -- INFORMACIÓN GENERAL | |
| Campo fijo de descripción fija -- Información general | 221011s2015 -us||||| |||| 00| 0 eng d |
| 040 ## - FUENTE DE CATALOGACIÓN | |
| Idioma de catalogación | eng |
| Agencia que realiza la transcripción | CO-MdFUSB |
| Agencia que realiza la modificación | CO-MdFUSB |
| 041 ## - CÓDIGO DE IDIOMA | |
| Código de idioma para texto/pista de sonido o título separado | eng |
| 100 ## - ASIENTO PRINCIPAL--NOMBRE PERSONAL | |
| Nombre personal | Hays, J. Daniel, |
| Término relacionador | autor |
| 245 ## - TÍTULO | |
| Título | The persecuted prophet and judgment on Jerusalem : |
| Subtitulo | the use for LXX Jeremiah in the gospel of Luke |
| Mención de responsabilidad | / J. Daniel Hays |
| 300 ## - DESCRIPCIÓN FÍSICA | |
| Extensión | Volumen 25, Número 4 (2015), páginas 453 - 473 |
| Dimensiones | ; 23 cm. |
| 520 ## - NOTA DE RESUMEN, ETC. | |
| Nota de sumario, etc. | Este artículo argumenta que dentro del judaísmo del Segundo Templo, Jeremías era bien conocido como el "profeta perseguido" paradigmático y también estaba estrechamente asociado con la consiguiente caída y destrucción de Jerusalén. Por lo tanto, cuando el Evangelio de Lucas retrata a Jesús como el "profeta perseguido" en conflicto con los líderes en Jerusalén o relata las advertencias de Jesús sobre el juicio sobre Jerusalén, las alusiones y paralelos con Jeremías son numerosas, lo que implica que las tradiciones asociadas con LXX Jeremías forman una antecedentes críticos para la comprensión de esos textos. |
| 630 07 - PUNTO DE ACCESO ADICIONAL DE MATERIA - TÍTULO UNIFORME | |
| Título uniforme | Biblia. |
| Parte o sección de la obra | Jeremías |
| Subdivisión de materia general | Crítica, interpretación, etc. |
| 650 #7 - ASIENTO SECUNDARIO DE MATERIA - TERMINO TEMÁTICO | |
| 9 (RLIN) | 6881 |
| Término temático o nombre geográfico como elemento de entrada | Judaísmo |
| 773 0# - ASIENTO DE ITEM FUENTE | |
| Biblionumber | 68251 |
| Itemnumber | 81344 |
| Otro identificador del ítem | R2128 |
| Título | Bulletin for Biblical research |
| Número de control del registro | (CO-MdFUSB)768714001 |
| Número Internacional Normalizado para Publicaciones Seriadas (ISSN) | 1065-223X |
| Parte(s) relacionada(s) / Volumen., número. (mes año), páginas | Volumen 25, Número 4 (2015), páginas 453 - 473 |
| Enumeración y primera página | páginas 453 - 473 |
| 942 ## - TIPO DE MATERIAL (KOHA) | |
| Tipo de Item KOHA | Artículos de Revista |
No hay ítems disponibles.
